00318nam a2200121 a 450000500170000000800410001702000180005805000180007610000210009424500400011526000320015530000090018720140412111223.0100122s19uu xx 00 eng d a0-439-72622-0 aERbHa14 1995 aRoberts, Bethany aHalloween Mice! /cBethany Roberts. aU.S.A :bScholastic,c1995. a32p.